[Event "RUS-Cup final"]
[Site "Samara"]
[Date "1998.09.04"]
[Round "6"]
[White "Zvjaginsev, Vadim"]
[Black "Volkov, Sergey"]
[Result "1-0"]
[WhiteElo "2650"]
[BlackElo "2605"]
[Annotator "Psakhis,L"]
[PlyCount "73"]
[EventDate "1998.08.??"]
[EventType "tourn"]
[EventRounds "11"]
[EventCountry "RUS"]
[SourceTitle "CBM 067"]
[Source "ChessBase"]
[SourceDate "1998.11.30"]
[SourceVersion "2"]
[SourceVersionDate "1998.11.01"]
[SourceQuality "1"]

1. e4 e6 2. d4 d5 3. e5 c5 4. c3 Qb6 5. Nf3 Bd7 6. a3 Bb5 7. b4 (7. c4 Bxc4 8.
Bxc4 dxc4 9. d5 Ne7 10. Qa4+ Nd7 11. dxe6 Qxe6 12. O-O h6 13. Nc3 Nc6 14. Nb5
O-O-O 15. Nxa7+ Nxa7 16. Qxa7 Nxe5 17. Qa8+ Kc7 18. Qa5+ Kc8 19. Qa8+) 7...
cxd4 8. Bxb5+ Qxb5 9. cxd4 a5 (9... Nd7 10. Nc3 Qc6 11. Bd2 Nb6 12. O-O Ne7 13.
b5 Qd7 14. Qb3 h5 15. a4 Nf5 16. a5 Nc4 17. Rfd1) (9... Nc6 10. Nc3 Qc4 11. Bb2
Nh6 12. Qe2 Qxe2+ 13. Nxe2 Be7 14. O-O O-O 15. Nf4 Rfc8) 10. Nc3 Qc6 (10... Qc4
11. Qa4+ Nc6 12. Bd2) 11. Bd2 axb4 12. axb4 Rxa1 13. Qxa1 Qa6 (13... Bxb4 14.
Qa8 Qc8 (14... Bxc3 15. Qxb8+ Kd7 16. Qf8) (14... Qc7 15. Nb5 Qc1+ 16. Ke2 Qc4+
17. Ke3 Qxb5 18. Qxb8+ Kd7 19. Rc1) 15. Nb5 (15. Nxd5 Bxd2+ (15... Qc1+ 16. Ke2
Qc4+ 17. Ke3 Qb3+ 18. Bc3 Be7 19. Qxb8+ Bd8 20. Nc7+ Kd7 21. Rc1 Bxc7 22. Qf8)
16. Kxd2 exd5 17. Rc1 Qd8 18. Qxb7 Ne7 19. Rc7 h6) 15... Kd7 (15... Bxd2+ 16.
Kxd2 Qd8 17. Nd6+ Kf8 18. Nxb7 Qe8 19. Nd6 Qd8 20. Rb1) (15... Qc1+ 16. Ke2
Qc4+ 17. Ke3) 16. O-O (16. Bxb4 Qc1+ 17. Ke2 Qc4+ 18. Ke3 Qxb5) 16... Be7 (
16... Bxd2 17. Nd6 Qc7 18. Nxf7) 17. Na7 Qc7 18. Rb1 b6 19. Rc1) 14. Qa4+ (14.
Qxa6 bxa6 (14... Nxa6 15. b5 Nc7 16. Ke2) 15. b5 Bb4 (15... axb5 16. Nxb5 Nc6
17. Ke2) 16. bxa6 Nxa6 17. Ke2) 14... Qxa4 (14... Nc6 15. b5 (15. Qxa6 bxa6 16.
b5 axb5 17. Nxb5) 15... Qxa4 16. Nxa4 Na7 17. Ke2) 15. Nxa4 b5 (15... Ne7 16.
b5 Nd7 17. Ke2) 16. Nc3 (16. Nc5 Ne7 17. Ke2 Nec6 18. Ra1 h6 (18... Be7 19. Ra8
Kd8 20. Bg5) 19. Ra8 Be7) 16... Bxb4 17. Nxb5 Be7 18. Ke2 Nh6 (18... Nc6 19.
Ra1) 19. Na7 (19. Bxh6 gxh6 20. Rc1) 19... O-O (19... Kd7 20. Rb1 Na6 21. Rb7+
Nc7 22. Ba5 Bd8 23. Nd2 Nf5 24. Nb3) (19... Nf5 20. Rb1 Nd7 21. Rb7) 20. Rb1
Re8 21. g4 Bf8 (21... Nxg4 22. Rg1) (21... f5 22. exf6 Bxf6 23. g5) 22. h3 f5 (
22... Na6 23. Rb6) (22... Nd7 23. Rb7) 23. Bxh6 gxh6 24. Nh2 (24. gxf5 exf5 25.
Rb5 Rd8 26. Nh4) 24... fxg4 (24... Na6 25. Rb6 Nb4 26. Nb5) 25. Nxg4 Nd7 (25...
Kf7 26. Nf6 Rd8 (26... Re7 27. Nc8) 27. Rb7+ Kg6 28. h4 h5 29. Rb6 Kf5 30. Nxh5
Ke4 31. Nb5) 26. Rb7 h5 (26... Re7 27. Rxd7 Rxd7 28. Nf6+) 27. Rxd7 hxg4 28.
hxg4 Rb8 29. Nc6 Rb2+ 30. Kf3 Ba3 31. g5 Rb6 32. Rc7 Bb2 33. Kg4 Ra6 34. g6 Ra1
(34... hxg6 35. Kg5) 35. Ne7+ Kh8 (35... Kg7 36. Nf5+) 36. Kg5 Rc1 (36... Bc1+
37. Kh5) 37. Kf6 1-0

[Event "Buenos Aires zt 2.5"]
[Site "Buenos Aires"]
[Date "2000.??.??"]
[Round "7"]
[White "Salas Arros, Cristian Eduardo"]
[Black "Vasquez Schroder, Rodrigo Rafael"]
[Result "0-1"]
[WhiteElo "2300"]
[BlackElo "2454"]
[Annotator "Psakhis,L"]
[PlyCount "66"]
[EventDate "2000.07.26"]
[EventType "swiss"]
[EventRounds "9"]
[EventCountry "ARG"]
[SourceTitle "CBM 079"]
[Source "ChessBase"]
[SourceDate "2000.11.21"]
[SourceVersion "1"]
[SourceVersionDate "2000.11.21"]
[SourceQuality "1"]

1. e4 e6 2. d4 d5 3. e5 c5 4. Nf3 Nc6 5. Bd3 cxd4 6. O-O f6 {This idea looks
risky, but it has some merits as Black immediately puts pressure on White's
stronghold on e5.} ({Usually Black plays} 6... Nge7 {here, for example:} 7. Bf4
Qb6 8. Nbd2 Ng6 9. Bg3 f5 10. Nb3 Bd7 11. Re1 Be7 12. a3 a5 13. a4 Nb4 14. h3
Nxd3 15. Qxd3 O-O 16. Qxd4 Qxd4 17. Nfxd4 Rfc8 $11 {0-1 Gamback,B-Barbu,I/
Miercurea Ciuc 2000/ (66)}) 7. Qe2 (7. Bb5 $5 Bd7 8. Nxd4 (8. Bxc6 bxc6 9. Qxd4
Qb6 10. Qf4 f5 11. c4 Ne7 12. Qe3 c5 13. cxd5 Nxd5 14. Qd2 Be7 15. Nc3 Bc6 $13
{0-1 Stabenow,J-Schuehler/corr 1984 (36)}) 8... Nxd4 9. Bxd7+ Qxd7 10. Qxd4
fxe5 11. Qxe5 Bd6 12. Qh5+ Qf7 13. Qxf7+ Kxf7 14. Nd2 Rc8 $11 {1-0 Stripunski,
A-Kuehn,M/Passau op 1997 (43)}) 7... Qc7 8. Bf4 g5 9. Bg3 g4 10. Nh4 fxe5 (
10... f5 11. Nd2 Bh6 12. Nxf5 exf5 13. e6 Qg7 14. Bxf5 Qg5 15. Be5 Nxe5 16.
Qxe5 Qf6 17. Qxf6 Nxf6 18. Nb3 O-O 19. Nxd4 Bg7 20. Nb5 Ne8 21. Bxg4 a6 22. Nc3
Bxc3 23. bxc3 Nc7 $15 {Kogan,A-Glek,I/Copenhagen op 1996/0-1 (36)}) 11. Qxg4 {
Of course, Black's king may not feel very safe, but thanks to his pawn mass in
the centre, Black can look into the future with optimism.} Bd6 $146 {[%csl Gd4,
Gd5,Ge5,Ge6,Re8]} ({Perhaps, even better here is} 11... Nf6 12. Qe2 Bd6 13. Bb5
O-O 14. Nd2 e4 15. Bxd6 Qxd6 16. Nb3 e5 17. Qd2 Bd7 18. c3 dxc3 19. bxc3 Kh8
$17 {0-1 Kernazhitsky,L-Wiley,T/Olomouc Valoz Cup 2000/The Week in Chess 301 
(28)}) 12. Qh5+ Kf8 13. Ng6+ (13. Qf3+ Qf7) 13... hxg6 14. Qxh8 Qg7 15. Qxg7+ (
{Maybe White should have kept the queens on, but after} 15. Qh4 $5 Be7 16. Qg4
e4 17. Bb5 Nh6 18. Qf4+ Nf7 {[%cal Ge6e5] Black is doing well anyway.}) 15...
Kxg7 $44 16. Nd2 Bc5 $5 {[%cal Ge5e4]} 17. Nb3 (17. f3 Nge7 18. Rfe1 Kf6) 17...
Bb6 18. Rfe1 Kf6 19. Rad1 Nge7 {This position is very hard to assess, but I
believe that Black has sufficient compensation.} 20. a4 a6 21. a5 Ba7 22. f3
Bd7 23. Bf2 Rh8 24. g4 (24. h4 $5 Nf5) 24... g5 $1 25. Kg2 Bb8 26. Rh1 (26. Nc5
Bc8) 26... Nb4 27. Nc5 Bc6 28. h4 Nxd3 29. Nxd3 Ng6 30. h5 ({Perhaps better
was to play} 30. hxg5+ Kxg5 31. Rxh8 Nxh8 32. Rh1 Ng6 {[%cal Ge5e4] with a
very unclear outcome.}) 30... Nf8 31. Rhe1 Nd7 32. Rxe5 $4 {[%mdl 8192] This
is a sad blunder in the position, which was stilll rather unclear.} (32. Nb4
Bb5 {[%cal Gh8c8]}) 32... Nxe5 33. Bxd4 Bb5 $1 $19 0-1

[Event "YUG-ch 57th"]
[Site "Banja Koviljaca"]
[Date "2002.03.29"]
[Round "13"]
[White "Savic, Miodrag R"]
[Black "Antic, Dejan"]
[Result "1-0"]
[WhiteElo "2469"]
[BlackElo "2470"]
[Annotator "Psakhis,L"]
[PlyCount "89"]
[EventDate "2002.03.16"]
[EventType "tourn"]
[EventRounds "13"]
[EventCountry "YUG"]
[EventCategory "10"]
[SourceTitle "CBM 089"]
[Source "ChessBase"]
[SourceDate "2002.08.12"]
[SourceVersion "1"]
[SourceVersionDate "2002.08.12"]
[SourceQuality "1"]

1. e4 e6 2. d4 d5 3. e5 c5 4. c3 Nc6 5. Nf3 Qb6 6. Be2 Nh6 7. Bxh6 gxh6 8. Qd2
Bd7 9. O-O Bg7 10. Na3 O-O 11. Nc2 cxd4 12. cxd4 f6 13. exf6 Rxf6 14. b4 a6 {
As usual Black doesn't waste time for this move.} (14... Raf8 $5 15. b5 Ne7 16.
Ne5 Be8 {leads to interesting game, for example:} 17. a4 Ng6 (17... Nf5 18. a5
Qc7 $13 {0-1 Kiselev,G-Vysochin,S/Voronezh op 2001/ (28)}) 18. Ng4 R6f7 19. g3
h5 20. Nh6+ Bxh6 21. Qxh6 Nf4 $3 $36 {0-1 Kun,G-Szuk,B/Budapest-8 IM-B 2000/
The Week in Chess 301 (24)}) 15. a4 Rff8 16. Ra3 Be8 17. Re3 Ne7 18. a5 Qd6 19.
Bd3 Nc6 $146 {Funny enough, but just this move is a new one} (19... Nf5 $5 20.
Bxf5 Rxf5 21. Rfe1 Rf6 22. Ne5 Ba4 23. Rg3 Raf8 24. Nd3 Kh8 25. Ne3 h5 $132 {
Antonio,R-Lputian,S/Shenzhen 1992/0-1 (59)}) 20. Rfe1 Qf4 21. g3 ({Black
equalize after} 21. Rxe6 Qxd2 $5 (21... Bh5 22. Qxf4 Rxf4 23. R1e3 $5 Bxf3 24.
Rxf3 Rxf3 25. gxf3 Bf8 $5 (25... Nxd4 26. Nxd4 Bxd4 27. Rxh6 $14)) 22. Nxd2
Nxd4 23. Nxd4 Bxd4 24. Nf3 Bc3 25. Rb1 Bh5 $11) 21... Qf7 (21... Qg4 22. Kg2)
22. Bf1 ({White easy could get clear advantage after} 22. Ne5 $5 Bxe5 23. dxe5
$16 {[%cal Gf2f4] but for some reasons he will avoid this move for a long time.
}) 22... Bd7 23. Bg2 Qh5 (23... Rac8) 24. h3 ({Again} 24. Ne5 $5 {was a good
idea.}) 24... Rf7 25. Nh2 {Beginning of quite starnge manoeuvres, when White
doesn't want and Black just can't change the situation on the board.} (25. Ne5
$5 {again looks natural and strongr, but maybe, White just gave promise before
game never make this move?}) 25... Qg6 26. Nf3 Raf8 27. R1e2 h5 {[%cal Gg7h6]}
28. Rc3 Bf6 29. h4 $1 {[%csl Re6][%cal Gg2h3]} h6 30. Rb3 Be7 31. Nce1 $5 {
[%csl Re5][%cal Ge1d3]} Bd6 32. Ree3 Qg7 33. Re2 Rf6 34. Ne5 $1 {Finally!} Bxe5
35. dxe5 R6f7 (35... Rf5 36. f4) 36. Qe3 Rf5 37. f4 $16 {Savic has achieved
his strategic goal and Black should have stuck to a passive defense.} R5f7 38.
Nd3 Ne7 39. Nc5 Bc8 (39... Nf5 $5 40. Qf2 Qg6 $16) 40. Bh3 Rxf4 (40... Nf5 41.
Bxf5 Rxf5 42. Kh2 {[%csl Ra6,Rc8,Re6][%cal Gb4b5]}) 41. Bxe6+ Kh8 (41... Bxe6
42. Nxe6 Rf1+ 43. Kg2 $18) 42. Bxc8 Rf1+ 43. Kg2 Nxc8 44. Ne6 $18 d4 45. Qxd4
1-0

[Event "Petrosian Memorial"]
[Site "Moscow"]
[Date "1999.06.24"]
[Round "7"]
[White "Hort, Vlastimil"]
[Black "Spassky, Boris Vasilievich"]
[Result "1/2-1/2"]
[WhiteElo "2526"]
[BlackElo "2549"]
[Annotator "Psakhis,L"]
[PlyCount "52"]
[EventDate "1999.06.??"]
[EventType "tourn"]
[EventRounds "9"]
[EventCountry "RUS"]
[EventCategory "11"]
[SourceTitle "CBM 072"]
[Source "ChessBase"]
[SourceDate "1999.10.01"]
[SourceVersion "1"]
[SourceVersionDate "1999.10.01"]
[SourceQuality "1"]

1. e4 c5 2. c3 e6 3. d4 d5 4. e5 Nc6 5. Nf3 Qb6 6. Be2 Nh6 7. Bxh6 gxh6 8. Qd2
Bg7 9. O-O Bd7 10. Na3 O-O 11. Nc2 cxd4 12. cxd4 f6 (12... f6) 13. exf6 Rxf6
14. b4 Rxf3 $146 {[%mdl 512] Interesting conception of Boris Spassky.He
sacrifices exchange for pawn and makes draw without big problems. As usual
Black continued} (14... Raf8 {and it is not easy for white to get any
advantage, for example} 15. b5 Na5 {[%cal Ga5c4]} (15... Nb8 $6 16. Ne5 Be8 17.
a4 Rf4 18. a5 Qd6 19. g3 Rxd4 20. Nxd4 Bxe5 21. Rad1 Bg6 22. Bg4 h5 23. Bxe6+
Kh8 24. f4 {1-0 Rabinovich-Carruez/Ponferrada 1992 (24)}) (15... Ne7 16. Ne5
Be8 17. g3 h5 18. Ne3 Nf5 19. Nxf5 Rxf5 20. f4 Bxe5 21. fxe5 Rxe5 22. Rxf8+
Kxf8 23. Qb4+ Kg8 24. Bd3 a5 25. Bxh7+ Kxh7 26. Qe7+ Kg8 27. Qxe8+ Kg7 28. Qe7+
Kg8 29. Qe8+ Kg7 30. Qe7+ {1/2-1/2 Santos,C-Arizmendi Martinez,J/Algavre 1998 
(30)}) 16. Ne5 Bxb5 17. Rab1 Bxe2 18. Rxb6 Bxf1 19. Rb1 Rxf2 20. Qxf2 Rxf2 21.
Kxf2 Ba6 22. Nb4 Bxe5 23. dxe5 Bc4 {Jonkman,H-Tiggelman,R/Vlassingen op 1999/1/
2-1/2 (52)}) (14... a6 15. a4 Rff8 16. Ra3 Be8 17. Re3 Ne7 18. a5 Qd6 19. Bd3
Nf5 20. Bxf5 Rxf5 21. Rfe1 Rf6 22. Ne5 Ba4 23. Rg3 Raf8 {Antonio,R-Lputian,S/
Shenzhen 1992/0-1 (59)}) 15. Bxf3 Nxd4 16. Nxd4 Qxd4 17. Qxd4 Bxd4 {[%csl Gd4]}
18. Rac1 Bb6 {[%cal Gg8f6,Gg8d6] Black wants to bring king to the centre of
the board, to protect pawn on e6- only weakness in the black camp- and it is
very difficult to find way how white can break tough defence.} 19. g3 Kg7 20.
Rfe1 Kf6 21. Rc3 Rg8 22. Kg2 Bc6 23. Rc2 a6 24. Rce2 Bd7 25. Rc2 (25. h3 {
[%cal Gf3g4]}) 25... Bc6 26. Rce2 Bd7 1/2-1/2

[Event "EU-ch 6th"]
[Site "Warsaw"]
[Date "2005.06.26"]
[Round "8"]
[White "Stocek, Jiri"]
[Black "Iljin, Artem"]
[Result "1-0"]
[WhiteElo "2585"]
[BlackElo "2484"]
[Annotator "Psakhis,L"]
[PlyCount "67"]
[EventDate "2005.06.18"]
[EventType "swiss"]
[EventRounds "13"]
[EventCountry "POL"]
[SourceTitle "CBM 108"]
[Source "ChessBase"]
[SourceDate "2005.09.26"]
[SourceVersion "1"]
[SourceVersionDate "2005.09.26"]
[SourceQuality "1"]

1. d4 e6 2. e4 d5 3. e5 c5 4. c3 Qb6 5. Nf3 Nc6 6. Be2 cxd4 7. cxd4 Nh6 8. Nc3
(8. Bxh6 Qxb2 9. Bxg7 Bxg7 10. Nbd2 Nxd4) 8... Nf5 9. Na4 Qa5+ 10. Bd2 Bb4 11.
Bc3 b5 (11... a6 12. a3 Bxc3+ 13. Nxc3 b5 14. g4 Nfe7 15. Qd2 Bd7 16. O-O h5
17. g5 Nf5 18. Qf4 Qb6 19. Rfd1 g6 20. h4 O-O-O 21. b4 Kb7 22. Na2 Rc8 23. Nc1
Rc7 {1-0 Babaeva,F-Gulyev,S/Baku Cup 1999/ChessBase (46)}) 12. a3 Bxc3+ 13.
Nxc3 b4 14. axb4 Qxb4 {A very natural and logical plan, which seems to promise
Black level play.} 15. O-O (15. Qa4 Bd7 (15... Qb6 16. b4 O-O 17. Qb5 Bd7 18.
Ra6 Qxb5 19. Bxb5 Nxb4 20. Ra4 Bxb5 21. Rxb4 Bc4 22. Kd2 Rfb8 23. Rhb1 Rxb4 24.
Rxb4 Ne7 25. Rb7 Ng6 26. h4 h6 27. g3 Kf8 28. Na4 Ba6 29. Rc7 Bb5 {Claverie,
R-Labollita,M/ARG-sf Buenos Aires 2001/ChessBase/0-1 (56)}) (15... Qxa4 16.
Rxa4 Bd7 17. g4 Nfe7 18. O-O O-O 19. Rfa1 Rfb8 $19) 16. Qxb4 Nxb4 17. Kd2 (17.
O-O O-O 18. Rfc1 Rfb8 19. g4 Ne7 20. Kg2 h6 21. Kg3 Rb7 22. Bf1 Be8 23. Ra3
Nbc6 {0-1 Olsar,J-Prandstetter,E/Czech t-ch 1995/ChessBase (34)}) 17... Ke7 18.
g4 Nh6 19. Ne1 Rhb8 20. Ke3 f6 21. f4 fxe5 22. fxe5 Be8 {1/2-1/2 Nemec,
P-Prandstetter,E/CSR-ch Trnava 1980/ChessBase (37)}) (15. Bb5 Bd7 16. Bxc6 (16.
Qa4 $5 Qxb2 17. Nxd5 (17. Ra3 $5 Qc1+ (17... O-O 18. O-O {/\ 19.Rb1}) 18. Nd1 {
/\ 19.Rc3, c6<}) 17... exd5 (17... Nfxd4 $2 18. Nxd4 Qxd4 19. Bxc6 Qxa4 20.
Nc7+ Kd8 21. Bxa4 Kxc7 22. Rc1+ Kd8 23. Rd1 $18) 18. O-O Nfxd4 19. Rfb1 Nxf3+
20. gxf3 Qc3 21. Rc1 Qb4 22. Bxc6 Qxa4 23. Rxa4 Bxc6 24. Rxc6 Ke7 {0-1
Kupreichik,V-Ulibin,M/Moscow 1989/ChessBase/ (60)}) 16... Bxc6 17. Qd2 O-O 18.
O-O Rfb8 19. Rfb1 (19. Rab1 Rb6 (19... a5 20. g4 Ne7 21. Ne1 Bb5 22. Nc2 Qb3
23. Rfe1 Bd7 24. f4 Rf8 25. Re3 Qb6 26. Ne1 f5 27. g5 Rfc8 28. Ne2 Bb5 29. Nc3
Be8 30. Nc2 Rc4 31. Rd3 Rac8 32. Na3 R4c7 33. Qf2 Rb8 {0-1 Thipsay,P-Khuzman,A/
Moscow Aeroflot-A 2004/ChessBase (57)}) 20. Rfc1 Rab8 21. Rc2 h6 22. g3 a5 23.
Kg2 a4 24. Ra1 Be8 25. h3 Bd7 26. Rac1 Rc6 27. g4 Ne7 28. Ra1 Rc4 29. Ra2 Qb6
30. Rc1 Rb4 31. Rca1 Ng6 32. Nd1 Bb5 {0-1 Shirov,A-Ivanchuk,V/Monte Carlo
Amber blind 2005/The Week in Chess 541 (52)}) (19. Ra2 a5 (19... Rb7 20. g4 Ne7
21. Kg2 Be8 22. h4 Nc8 23. Qf4 Qe7 24. Rfa1 Rab8 25. Nd1 Bb5 26. g5 Bc4 {
0-1 Veneman,H-Archangelsky,M/Hoogeveen op 2001/}) 20. g4 Ne7 21. Qf4 Bb5 22.
Nxb5 Rxb5 23. h4 Qb3 24. Rfa1 h6 25. Kg2 Qd3 26. h5 Nc6 27. Rc1 Ra6 {0-1
Collins,S-Stryjecki,M/Wch B20 Athens 2001/T}) 19... a5 (19... Rb7 20. g4 Ne7
21. Ne1 Ng6 22. Qe3 Qe7 23. f4 Bb5 24. Nf3 Nh4 25. Nd2 Qb4 26. Kf2 Bc6 27. Kg3
Qe7 28. Nd1 h6 {1-0 Kiselev,G-Drozdov,A/Voronezh op 1999/ChessBase (53)}) 20.
g4 Ne7 21. h4 Bd7 22. h5 Nc6 23. Qf4 Qe7 24. h6 f6 25. Re1 Rf8 26. Qg3 Rab8 27.
Ne2 Rb3 28. Ra3 Rxa3 29. bxa3 Qxa3 30. hxg7 Kxg7 {1-0 Rendle,T-Tiller,B/BCF
t-ch 0203 2003/(54)}) (15. Ra4 Qxb2 16. Nb5 O-O 17. O-O Bd7 18. Ra1 Nxe5 $1 19.
Rb1 Nxf3+ 20. gxf3 $1 Qa2 21. Ra1 Qb2 22. Rb1 Qxb1 $3 23. Qxb1 Rab8 24. Qa1
Bxb5 25. Bxb5 Rxb5 {0-1 Sturm,M-Ellis,D/corr 1965/Megacorr (46)}) 15... O-O (
15... Nfxd4 16. Nxd4 Nxd4 17. Bd3 {[%csl Gd3]} Bd7 18. Qg4 g6 19. Qg5 Nc6 20.
Bb5 Qxb2 21. Rfc1 O-O $132 {Kuzmin,G-Lempert,I/S-Peterburg 1993/ChessBase/1-0 
(42)}) 16. Nb5 $5 Rb8 $146 (16... Bd7 17. g4 (17. Nc7 Rad8 18. Na6 Qb6 19. Ra4
$5) 17... Nh6 (17... a6 18. gxf5 axb5 19. Rxa8 Rxa8 20. f6 $140 Qxb2 $132) (
17... Nfe7 $5) 18. Qd3 Qe7 19. Qd2 (19. g5 $5) 19... Nxg4 20. Kh1 f6 21. h3 Nh6
22. Rg1 Kh8 23. exf6 Rxf6 24. Rg2 Raf8 25. Rag1 Nf5 26. Bd3 Ng3+ 27. Rxg3 Rxf3
{0-1 Oestreich,R-Groenegres,W/OWL-ch Bad Oeynhausen 1964/EXT 2001 (34)}) 17. g4
Nfe7 (17... a6 $2 18. gxf5 axb5 19. f6 $1 gxf6 20. Kh1 $5 Ne7 (20... Qe7 21.
Qc1 $1) 21. exf6 Nf5 22. Qc1 Kh8 23. Bd3 $18) 18. Nxa7 Qxb2 (18... f6 $5 19.
exf6 Rxf6 20. Nxc6 Nxc6 $44) 19. Nxc6 Nxc6 20. Bd3 (20. Rb1 Qxb1 21. Qxb1 Rxb1
22. Rxb1 f6 $5) 20... Bd7 21. Rb1 Qa3 22. Ra1 (22. Qd2 Rxb1 23. Rxb1 Rb8 24.
Rxb8+ Nxb8 $11) 22... Qe7 (22... Qb2 $5) 23. g5 f6 {Taking into account
White's reply. Maybe it's better to wait with this move.} (23... Nb4 $5) (23...
Rb7 $5 {[%cal Gf8b8]}) 24. gxf6 gxf6 25. Kh1 $1 fxe5 ({I believe that after} 
25... Kh8 {Black can hold the position without trouble.}) 26. Rg1+ Kh8 27. Bxh7
$1 {This trick is the only way to fight for an advantage.} Be8 (27... Qxh7 28.
Ng5 Qh4 29. Ra3 $1 {[%cal Cc6d4,Ga3h3]} Rf5 $5 (29... Nxd4 30. Rh3 Qxh3 31.
Nxh3 Nf3 32. Qc1 $18 {[%cal Oc1h6,Gc1c7]}) (29... Rg8 30. Rg4 $5 Qh5 31. Nf7+ (
31. Rh3 Qxh3 32. Nxh3 Nxd4 $16) 31... Kh7 32. Rg7+ Kxg7 33. Qxh5 Rb1+ 34. Kg2
Kf6+ 35. Kh3 $18) 30. Rh3 Qxh3 31. Nxh3 Rg8 32. dxe5 $16) 28. Bg6 $1 {White
got a clear initiative on the kingside and Black is in deep trouble.} Bxg6 (
28... exd4 29. Bxe8 Qxe8 30. Nxd4 Rg8 (30... Ne5 31. Ra3 $18) 31. Qf3 $1 $18) (
28... e4 29. Bxe8 Qxe8 30. Ra3 $3 (30. Qd2 Rb7 31. Nh4 $40) 30... exf3 31. Rxf3
Rxf3 32. Qxf3 Qe7 $8 33. Rg3 Rg8 (33... Rb1+ 34. Kg2) 34. Rh3+ Kg7 35. Qg4+ Kf8
36. Rf3+) 29. Rxg6 Qh7 (29... Rf5 30. Qd2 $5 Rxf3 31. Rh6+ Kg7 32. Rg1+ Kf8 33.
Qc1 $1 exd4 34. Rh8+ Kf7 35. Rh7+ Kf8 36. Rxe7 Nxe7 37. Qh6+ Ke8 38. Qh5+ Rf7
39. Rg7 $18) 30. Rg4 Qf5 $2 ({Black doesn't have a chance to put up a
resistance after} 30... Rf4 $142 $5 31. Ng5 (31. Nxe5 Rxg4 32. Qxg4 Nxe5 33.
dxe5 Rf8 $5 $14) 31... Qg6 32. dxe5 Rxg4 33. Qxg4 Rb1+ (33... Nxe5 34. Qf4 $1
Nd7 (34... Rb1+ 35. Kg2 $18) 35. Ra7 Rb1+ 36. Kg2 Rb4 $1 37. Qg3 $1 Nf8 38. h4
$18) 34. Rxb1 Qxb1+ 35. Kg2 Qg6 36. f4 $16) (30... Rf6 31. Rh4 Rh6 32. Ng5 Rxh4
33. Nxh7 Rxh7 34. Qf3 $1 $18) 31. Nh4 $18 Qxf2 (31... Qf6 32. Ng6+ Kg8 33.
Nxe5+ Kh8 34. Rh4+ $1) 32. Ng6+ Kh7 (32... Kg7 33. Nxe5+ Kf6 34. Rg6+) 33.
Nxf8+ Rxf8 34. Qd3+ 1-0